IFM Opac

A Course of Modern Analysis (Record no. 20527)

MARC details
000 -LEADER
fixed length control field 00655nam a22002057a 4500
003 - CONTROL NUMBER IDENTIFIER
control field OSt
005 - DATE AND TIME OF LATEST TRANSACTION
control field 20220822132105.0
008 - FIXED-LENGTH DATA ELEMENTS--GENERAL INFORMATION
fixed length control field 220822b |||||||| |||| 00| 0 eng d
020 ## - INTERNATIONAL STANDARD BOOK NUMBER
International Standard Book Number 8185274746
040 ## - CATALOGING SOURCE
Transcribing agency IFM Library
082 ## - DEWEY DECIMAL CLASSIFICATION NUMBER
Classification number 515.1
100 ## - MAIN ENTRY--PERSONAL NAME
Personal name WHITTAKER,E.T
9 (RLIN) 4637
245 ## - TITLE STATEMENT
Title A Course of Modern Analysis
260 ## - PUBLICATION, DISTRIBUTION, ETC.
Place of publication, distribution, etc. New Delhi:
Name of publisher, distributor, etc. Pearl Offset Press,
Date of publication, distribution, etc. 1991
300 ## - PHYSICAL DESCRIPTION
Extent 608p
Other physical details ill;21cm
500 ## - GENERAL NOTE
General note Including Index
650 ## - SUBJECT ADDED ENTRY--TOPICAL TERM
Topical term or geographic name entry element AN INTRODUCTION TO THE GENERAL THEORY OF INFINITE PROCESSES AND OF ANALYTIC FUNCTIONS; WITH AN ACCOUNT OF THE PRINCIPAL TRANSCENDENTAL FUNCTIONS
9 (RLIN) 4638
700 ## - ADDED ENTRY--PERSONAL NAME
Personal name WATSON, G.N
9 (RLIN) 4639
942 ## - ADDED ENTRY ELEMENTS (KOHA)
Koha item type Books
Source of classification or shelving scheme Dewey Decimal Classification
Suppress in OPAC No
Holdings
Withdrawn status Lost status Source of classification or shelving scheme Damaged status Not for loan Collection code Home library Current library Shelving location Date acquired Source of acquisition Full call number Barcode Date last seen Price effective from Koha item type
    Dewey Decimal Classification     Non-fiction IFM Main Campus Library IFM Main Campus Library Stack Collection 08/22/2022 Purchases 515.1WHI 0000001903 08/26/2019 02/19/2022 Books